Pętle linii autobusowych w Toruniu - Statystyki

Ogólne statystyki
  • Ten quiz został rozwiązany 58 razy
  • Średni wynik to 24 z 40
Statystyki odpowiedzi
Linia Pętla Pętla % Poprawnych
11 Koniuchy Czerniewice
86%
16 Olimpijska Wrzosy I
80%
33 Olimpijska Mazowiecka
80%
34 Olimpijska Plac Skalskiego
80%
42 Olimpijska Mazowiecka
80%
N90 Olimpijska Uniwersytet
80%
12 Wrzosy I Rudak
77%
32 Wrzosy I Letnia
77%
N93 Wrzosy I Czerniewice
77%
15 Rubinkowo II Przy Lesie
70%
26 Rubinkowo II Plac Skalskiego
70%
N94 Rubinkowo II Aleja Solidarności
70%
14 Cmentarz Centralny Okólna
64%
17 Cmentarz Centralny Uniwersytet
64%
40 Bielawy Port Drzewny
61%
18 Kolankowskiego Uniwersytet
61%
25 Kolankowskiego Uniwersytet
61%
29 Kolankowskiego Szubińska
61%
31 Kolankowskiego Wrzosy I
61%
131 Rozgarty Szubińska
61%
30 Nad Strugą Pl. Św. Katarzyny
59%
39 Nad Strugą Rubinkowo II
59%
44 Nad Strugą Poznańska
59%
N91 Nad Strugą Poznańska
59%
N95 Nad Strugą MotoArena
59%
111 Gronowo Pl. Św. Katarzyny
55%
112 Gronowo Pl. Św. Katarzyny
55%
115 Lubicz Osiedle Pl. Św. Katarzyny
55%
121 Obrowo Rubinkowo II
55%
122 Obrowo Rubinkowo II
55%
113 Kopanino Pl. Św. Katarzyny
52%
13 Pl. Św. Katarzyny Gliniecka
45%
19 Pl. Św. Katarzyny Czerniewice
45%
24 Dworzec Wschodni Forteczna
41%
28 Mazowiecka Uniwersytet
41%
27 Osiedle Leśne Polana Dworzec Główny
41%
10 Strobanda Szubińska
41%
20 Strobanda Glinki
41%
38 Wrzosowa Pl. Św. Katarzyny
34%
41 Na Zapleczu Dworzec Wschodni
30%
Nie znaleziono quizów pasujących do podanych kryteriów
Rozkład punktacji
Procent ludzi z każdym wynikiem
Percentyl według liczby udzielonych odpowiedzi
Twoja historia wyników
Nie rozwiązałeś tego quizu